00333nam a2200085Ia 4500008004100000100002300041245011200064260005900176650001200235160725s9999 xx 000 0 und d aTomas, Grace Fe C. a(2013, March). Assessment and evaluation of learning. Kaizen Research Journal College of Nursing, 2, 35-47. bKaizen Research Journal College of NursingcMarch 2013 aNURSING